| 000 | 01245nam a2200289 4500 | ||
|---|---|---|---|
| 001 | 0000013940 | ||
| 003 | CO-CtgCURN | ||
| 005 | 20250513141423.0 | ||
| 007 | ta | ||
| 008 | 160627s2000 000 0 eng d | ||
| 020 | _a958690234X | ||
| 040 |
_aCO-CtgCURN _bspa _ccoctgcurn |
||
| 082 | 0 |
_a346.02 _bQ84te |
|
| 100 | 1 | _aQuintero de Prieto, Beatriz. | |
| 245 | 1 | 0 |
_aTeoria basica de la indemnizacion : _bmanual de reponsabilidad Civil / _cBeatriz Quintero de Prieto. |
| 250 | _a3a ed. | ||
| 260 |
_aBogotá : _bLeyer, _c2000. |
||
| 300 | _a152 p. | ||
| 336 | _2rdacontent | ||
| 337 |
_2rdamedia _asin mediacion _bn |
||
| 338 |
_2rdacarrier _avolumen _bnc |
||
| 505 | 8 | _aTeoria basica de la indemnizacion.--Elementos de la responsabilidad.--La imputabilidad.--Toeria de la garantia.--Responsabilidad civil precontractual.--Responsabilidad por riesgo.--Caractericticas del daño.--El daño moral.--El daño material.--Generalidades del contrato de transporte.--El transporte como servicio publico.--Naturaleza del contrato de transporte | |
| 650 | 1 | 4 |
_aResponsabilidad civil _xManuales _zColombia. |
| 908 | _a160627 | ||
| 942 |
_cBK _h346.02 _iQ84te _2ddc _n0 |
||
| 999 |
_c20079 _d20079 |
||